000 00649nam a2200241Ia 4500
003 OSt
005 20221005073859.0
006 a|||||r|||| 00| 0
007 ta
008 221004b |||||||| |||| 00| 0 eng d
024 _a72058
037 _cTextual
040 _aCRL
_cCRL
_beng
041 _2eng
_aeng
082 _aY15:(Z2)'N5, N6
100 _aNair Janaki
_920939
245 0 _aWomen and law in colonial India
_b A social history
260 _aNew Delhi
_bKali for women 1996
_c1996
300 _a259p.
_ccm.
650 _aSOCIOLOGY
942 _hY15:(Z2)'N5, N6
_cTEXL
_2cc
999 _c981857
_d981857